| 000 | 00869nam a2200253Ia 4500 | ||
|---|---|---|---|
| 003 | OSt | ||
| 005 | 20220925181501.0 | ||
| 006 | a|||||r|||| 00| 0 | ||
| 007 | ta | ||
| 008 | 220923b |||||||| |||| 00| 0 eng d | ||
| 020 |
_a9781847202284 _c4478.3400000000001 |
||
| 037 |
_b4409, 18/08/2011, RAJKIRAN BOOK AGENCY _cGeneral Book |
||
| 040 |
_aRTL _cRTL _beng |
||
| 041 |
_2eng _aeng |
||
| 082 | _aXM5:8, P7 | ||
| 100 |
_aBLEISCHWITZ Raimund _9253944 |
||
| 245 | 0 |
_aCorporate governance of sustainability _b A co-evolutionary view on resource management |
|
| 260 |
_aCheltenham _bEdward Elgar _c2007 |
||
| 300 |
_aviii, 279p _ccm. |
||
| 490 | _aESRI Studies on the Environment | ||
| 500 | _aBibliography: P 246-67 | ||
| 942 |
_hXM5:8, P7 _cGB _2CC |
||
| 999 |
_c499420 _d499420 |
||